<?xml version="1.0" encoding="UTF-8"?>
<record
    xmlns:xsi="http://www.w3.org/2001/XMLSchema-instance"
    xsi:schemaLocation="http://www.loc.gov/MARC21/slim http://www.loc.gov/standards/marcxml/schema/MARC21slim.xsd"
    xmlns="http://www.loc.gov/MARC21/slim">

  <leader>00750nam a2200217Ia 4500</leader>
  <controlfield tag="003">OSt</controlfield>
  <controlfield tag="005">20250617161714.0</controlfield>
  <controlfield tag="008">210210b1986   xxu||||| |||| 00| 0 eng d</controlfield>
  <datafield tag="040" ind1=" " ind2=" ">
    <subfield code="c">AL</subfield>
  </datafield>
  <datafield tag="041" ind1=" " ind2=" ">
    <subfield code="a">Kannada</subfield>
  </datafield>
  <datafield tag="082" ind1=" " ind2=" ">
    <subfield code="a">551.48K MADN</subfield>
  </datafield>
  <datafield tag="100" ind1=" " ind2=" ">
    <subfield code="a">MADHUKARA MUTALIKA DESAYI</subfield>
    <subfield code="d">&#xCAE;&#xCA7;&#xCC1;&#xC95;&#xCB0; &#xCAE;&#xCC1;&#xCA4;&#xCBE;&#xCB2;&#xCBF;&#xC95; &#xCA6;&#xCC7;&#xCB8;&#xCBE;&#xCAF;&#xCBF;</subfield>
    <subfield code="9">215240</subfield>
  </datafield>
  <datafield tag="245" ind1=" " ind2=" ">
    <subfield code="a">Niru</subfield>
    <subfield code="b">&#xCA8;&#xCC0;&#xCB0;&#xCC1;</subfield>
  </datafield>
  <datafield tag="260" ind1=" " ind2=" ">
    <subfield code="a">Mumbayi</subfield>
    <subfield code="b">Kannada Sangha,Anushakti Kendra</subfield>
    <subfield code="c">1986</subfield>
  </datafield>
  <datafield tag="300" ind1=" " ind2=" ">
    <subfield code="a">101,xxix</subfield>
  </datafield>
  <datafield tag="520" ind1=" " ind2=" ">
    <subfield code="a"> September 29 1985ra vichara sankiranada karyakalapagalu
&#xCB8;&#xCAA;&#xCCD;&#xCA4;&#xCC6;&#xC82;&#xCAC;&#xCB0; 29 1985&#xCB0; &#xCB5;&#xCBF;&#xC9A;&#xCBE;&#xCB0; &#xCB8;&#xC82;&#xC95;&#xCBF;&#xCB0;&#xCA3;&#xCA6; &#xC95;&#xCBE;&#xCB0;&#xCCD;&#xCAF;&#xC95;&#xCB2;&#xCBE;&#xCAA;&#xC97;&#xCB3;&#xCC1;</subfield>
  </datafield>
  <datafield tag="650" ind1=" " ind2=" ">
    <subfield code="a">Niru</subfield>
    <subfield code="9">215241</subfield>
  </datafield>
  <datafield tag="690" ind1=" " ind2=" ">
    <subfield code="a">Hydrology</subfield>
    <subfield code="9">215242</subfield>
  </datafield>
  <datafield tag="906" ind1=" " ind2=" ">
    <subfield code="a">041752</subfield>
  </datafield>
  <datafield tag="942" ind1=" " ind2=" ">
    <subfield code="2">ddc</subfield>
    <subfield code="c">BK</subfield>
  </datafield>
  <datafield tag="999" ind1=" " ind2=" ">
    <subfield code="c">91552</subfield>
    <subfield code="d">91552</subfield>
  </datafield>
  <datafield tag="952" ind1=" " ind2=" ">
    <subfield code="0">0</subfield>
    <subfield code="1">0</subfield>
    <subfield code="2">ddc</subfield>
    <subfield code="4">0</subfield>
    <subfield code="7">0</subfield>
    <subfield code="8">CHE</subfield>
    <subfield code="a">AL</subfield>
    <subfield code="b">AL</subfield>
    <subfield code="c">Geology</subfield>
    <subfield code="d">2021-02-17</subfield>
    <subfield code="g">0.00</subfield>
    <subfield code="l">1</subfield>
    <subfield code="o">551.48K MADN</subfield>
    <subfield code="p">041752</subfield>
    <subfield code="q">2026-04-15</subfield>
    <subfield code="r">2026-03-31 15:57:09</subfield>
    <subfield code="s">2026-03-31</subfield>
    <subfield code="w">2021-02-17</subfield>
    <subfield code="y">BK</subfield>
  </datafield>
</record>
